Ottawa Senators Trivia - Statistics

General Stats
  • This quiz has been taken 107 times
    103 since last reset
  • The average score is 9 of 19
Answer Stats
Hint Answer % Correct
What year did the Ottawa Senators make the Stanley Cup Finals? 2007
87%
This player won 2 Norris Trophies Erik Karlsson
85%
What year did the modern Ottawa Senators start playing again? 1992
84%
This player won the King Clancy Award, the Calder Trophy and the Mark Messier Award Daniel Alfredsson
74%
How many President's Trophies have the Sens won? 1 President's Trophy
62%
How many Conference Titles have the Sens won? 1 Conference Title
57%
The Original Ottawa Senators folded in what year? 1934
56%
What Ottawa Suburb do the Senators play in? Kanata
56%
How many Division Titles have the Sens won? 4 Division Titles
53%
What's the biggest Winning Streak the Sens has ever had? 11 Games in a Row
49%
Senators Home Arena Canadian Tire Centre
49%
How many Stanley Cups have the Sens won? 11 Stanley Cups
46%
How many Preseason Titles have the Sens won? 3 Preseason Titles
46%
What is the Ottawa Senators' Mascot? Spartacat
36%
Current Captain Erik Karlsson
31%
Current Head Coach Dave Cameron
16%
Current Alternate Chris Neil
15%
Current Alternate Bobby Ryan
7%
How many Prince of Wales Trophies have the Sens won? 1 Prince of Wales Trophy
1%
No matching quizzes found
Score Distribution
Percent of People with Each Score
Percentile by Number Answered
Your Score History
You have not taken this quiz since the last reset